000
00349nam a22001577a 4500
003
MPLRDC
005
20220104144305.0
008
210129b ||||| |||| 00| 0 eng d
082
_a
965 NNS
100
_a
倪南山编
245
_a
新图案字
_c
260
_a
_b
香港南山出版社
_c
300
_b
平
650
_a
942
_c
BK
_o
965 NNS
999
_c
48175
_d
48165